NBA 2K16 High Rated Players - Statistics

General Stats
  • This quiz has been taken 608 times
  • The average score is 7 of 13
Answer Stats
Hint Answer % Correct
99 LeBron James
97%
99 Michael Jordan
74%
98 Michael Jordan
74%
99 Stephen Curry
74%
99 Kobe Bryant
69%
98 Kobe Bryant
69%
99 Kareem Abdul-Jabbar
51%
98 Magic Johnson
48%
98 Tim Duncan
35%
98 Kyrie Irving
26%
98 Hakeem Olajuwon
25%
98 Dwyane Wade
18%
98 Oscar Robertson
16%
No matching quizzes found
Score Distribution
Percent of People with Each Score
Percentile by Number Answered
Your Score History
You have not taken this quiz